| 000 | 00981nam a2200277 a 4500 | ||
|---|---|---|---|
| 001 | 000032143 | ||
| 003 | DO-SdBNP | ||
| 005 | 20221025143310.0 | ||
| 007 | ta | ||
| 008 | 110411s2011 dr 000 0 spa d | ||
| 040 |
_aDO-SdBNP _bspa _cBNPHU |
||
| 082 | 4 |
_a155.633 _bI26j _222 |
|
| 100 | 1 |
_aIkeda, Daisaku _d1928- _955586 |
|
| 240 | 1 | 0 | _aJosei ni okura kotoba 365 nichi |
| 245 | 1 | 0 |
_aJoyas del corazón : _b365 mensajes dedicado a la mujer / _cDaisuku Ikeda ; traductora Soka Gakkai. |
| 246 | 1 | 0 |
_aJoyas del corazón : _btrescientos sesenta y cinco mensajes dedicado a la mujer |
| 260 |
_aSanto Domingo : _bSerigraf, _c2011. |
||
| 300 |
_a402 p. : _c17 cm. |
||
| 500 | _aIncluye datos biográficos del autor en las solapas | ||
| 590 | _aInventariado, 2022/MFF | ||
| 650 | 4 |
_aMujeres _xCitas, máximas, etc. _982185 |
|
| 650 | 4 |
_aAutorrealización en la mujer _937532 |
|
| 700 | 1 |
_aGakkai, Soka _etr. _955587 |
|
| 910 | _aValidado. Control de calidad MFF | ||
| 942 |
_2ddc _cLBS1 |
||
| 999 |
_c31634 _d31634 |
||